01422nam a2200337Ia 4500001001200000003000800012006001900020007001500039008004100054010001700095020003900112020001800151040002100169035002100190050002700211082001600238100003200254245018400286260004800470300001600518500002700534504005100561533015200612650004400764651005800808655002900866700002900895710001700924856012600941999001701067ebr10690369CaPaEBRm u cr cn|||||||||081119s2009 ctu sb 001 0 eng d z 2008049888 z9780300123838 (cloth : alk. paper) z9780300155525 aCaPaEBRcCaPaEBR a(OCoLC)60755254514aPN5123.F27bA25 2009eb04a814/.542221 aFairlie, Henry,d1924-1990.10aBite the hand that feeds youh[electronic resource] :bessays and provocations /cHenry Fairlie ; edited and with an introduction by Jeremy McCarter ; foreword by Leon Wieseltier. aNew Haven :bYale University Press,cc2009. axi, 355 p.  a"A New republic book." aIncludes bibliographical references and index. aElectronic reproduction.bPalo Alto, Calif. :cebrary,d2013.nAvailable via World Wide Web.nAccess may be limited to ebrary affiliated libraries. 0aPolitics and governmentzUnited States. 0aUnited StatesxPolitics and governmenty20th century. 7aElectronic books.2local1 aMcCarter, Jeremy,d1976-2 aebrary, Inc.40uhttp://site.ebrary.com/lib/rucke/Doc?id=10690369zAn electronic book accessible through the World Wide Web; click to view c11094d11094